|
|
|
|
| LEADER |
00845nam a2200229 i 4500 |
| 001 |
c000246079 |
| 003 |
CARM |
| 005 |
00000000000000.0 |
| 008 |
840311s1970 ctu 0 eng d |
| 019 |
1 |
|
|a 47275
|5 LACONCORD2021
|
| 035 |
|
|
|a (OCoLC)83670
|5 LACONCORD2021
|
| 082 |
0 |
4 |
|a 332.422
|
| 100 |
1 |
|
|a Weinstein, Allen.
|
| 245 |
1 |
0 |
|a Prelude to Populism :
|b origins of the silver issue, 1867-1878.
|
| 260 |
|
|
|a New Haven :
|b Yale University Press,
|c 1970.
|
| 300 |
|
|
|a 433 p.
|
| 440 |
|
0 |
|a Yale historical publications.
|p Miscellany ;
|v 90
|
| 500 |
|
|
|a Bibliography: p.[379]-418.
|
| 650 |
|
0 |
|a Silver question.
|
| 852 |
8 |
|
|b CARM
|h A1:AP02B0
|i B07212
|p 0361661
|f BK
|
| 999 |
f |
f |
|i 61da6bf1-c07a-5d9e-b9dd-e90da1169a45
|s 9a0059ac-c7f1-5920-860f-1a80890f4fe4
|
| 952 |
f |
f |
|p Can circulate
|a CAVAL
|b CAVAL
|c CAVAL
|d CARM 1 Store
|e B07212
|f A1:AP02B0
|h Other scheme
|i book
|m 0361661
|